| 000 | 00815nam a22001577a 4500 | ||
|---|---|---|---|
| 003 | OSt | ||
| 005 | 20151003162710.0 | ||
| 008 | 151003b xxu||||| |||| 00| 0 eng d | ||
| 040 | _cRUA | ||
| 082 | _aAVM NOP 1993 B073 Or.1 | ||
| 100 |
_91943 _aNOP KOSAL |
||
| 245 | _aEffect of cassava leaf meal on growth rate of chickens at the research station of royal university of agriculture, (ឥទ្ធិពលនៃការប្រើប្រាស់ស្លឹកដំឡូងមីទៅលើការលូតលាស់របស់មាន់សាច់ នៅស្ថានីយ៍ចិញ្ចឹមសត្វនៃសាកលវិទ្យាល័យភូមិន្ទកសិកម្ម) | ||
| 260 |
_aphnom penh _bRUA _c1993 |
||
| 300 |
_avii, 37p. _bill. _c29cm. |
||
| 942 |
_2ddc _cAVM |
||
| 999 |
_c1834 _d1834 |
||